00816nam a2200253 a 4500001001300000003000900013005001700022008004100039020002300080082001700103100001900120245005400139260005500193300000900248500003500257505004300292650002300335650002300358700001900381902000800400942000700408952013000415999001700545nice12345678IN_TiNIC20260116013735.0050524s1988 newa grp 000 0 eng  a8121543 c40000a294.561bDEH aDehejia, Vidya aSlaves of the Lordb the Path of the Tamil Saints aNew Delhi bMunshiram Manoharlal Publishers c1988 a206p aincludes index and biblioraphy2 aAppendices, Notes, Bibliography, Index aHindu Saints-Tamil aMysticism-Hinduism1 aDehejia, Vidya bSRS cBK 001040708StackRoom-aHMIbHMId2007-07-25g400.00l5o294.561 DEHp018569r2018-12-04s2018-11-13v400.00w2005-05-24yBK c12246d12246